| 000 | 00000nam 2200000zi 4500 |
| 001 | 9.921921 |
| 003 | CaOODSP |
| 005 | 20230425081707 |
| 006 | m o d f |
| 007 | cr bn||||||||| |
| 008 | 230425t19791979oncab ob f000 0 eng d |
| 020 | |a0662104242 |q(print) |
| 040 | |aCaOODSP|beng|erda|cCaOODSP |
| 041 | 0 |aeng|beng|bfre |
| 043 | |an-cn--- |
| 086 | 1 |aEn42-1/3-77-6E-PDF |
| 086 | 1 |aEn42-3/77-6 |
| 100 | 1 |aBenjamin, R. M., |eauthor. |
| 245 | 10|aAir pollution emissions and control technology : |bwood pulping industry / |cby R.M. Benjamin. |
| 264 | 1|a[Ottawa] : |bChemical Process Sources Division, Abatement and Compliance Branch, Air Pollution Control Directorate, |c1979. |
| 264 | 4|c©1979 |
| 300 | |a1 online resource (vi, 91 pages) : |billustrations, maps. |
| 336 | |atext|btxt|2rdacontent |
| 337 | |acomputer|bc|2rdamedia |
| 338 | |aonline resource|bcr|2rdacarrier |
| 490 | 1 |aEnvironmental Protection Service report series |
| 500 | |a"EPS 3-AP-77-6." |
| 500 | |a"March 1979." |
| 500 | |aOn cover: Economic and technical review, report EPS 3-AP-77-6. |
| 500 | |aDigitized edition from print [produced by Environment and Climate Change Canada]. |
| 504 | |aIncludes bibliographical references (pages 45-46). |
| 546 | |aIncludes abstracts in English and French. |
| 650 | 0|aWood-pulp industry|xWaste disposal|xEnvironmental aspects|zCanada. |
| 650 | 0|aAir|xPollution|zCanada. |
| 650 | 0|aPollution control equipment|zCanada. |
| 650 | 6|aPâte à papier|xIndustrie|xDéchets|xÉlimination|xAspect de l'environnement|zCanada. |
| 650 | 6|aAir|xPollution|zCanada. |
| 650 | 6|aTechnique de l'environnement|xAppareils et matériel|zCanada. |
| 710 | 1 |aCanada. |bEnvironmental Protection Service, |eissuing body. |
| 710 | 1 |aCanada. |bAir Pollution Control Directorate, |eissuing body. |
| 830 | #0|aEnvironmental Protection Service report series.|w(CaOODSP)9.866031 |
| 856 | 40|qPDF|s2.69 MB|uhttps://publications.gc.ca/collections/collection_2023/eccc/en42/En42-1-3-77-6-eng.pdf |